000
00295nam a22001337a 4500
008
190227b xxu||||| |||| 00| 0 eng d
020
_a
9780393973723
041
_a
eng
080
_a
941
100
_a
16
101
_a
HIS
245
_a
The Search for Modern China
_c
Cheng, P
942
_2
udc
_c
BK
999
_c
54348
_d
54348